| 000 | 00841ntm a22003137a 4500 | ||
|---|---|---|---|
| 005 | 20260313175519.0 | ||
| 008 | 170425b2017 xxu||||| |||| 00| 0 spa d | ||
| 020 | _a9786071513953 | ||
| 041 | _aESP | ||
| 082 | _a001.42 H557fu | ||
| 100 | _aHernández Sampieri, Roberto | ||
| 245 | _aFundamentos de investigación | ||
| 260 | _aMéxico | ||
| 260 | _bMcGraw Hill | ||
| 260 | _c2017 | ||
| 300 |
_a280 páginas _bFotografías blanco y negro |
||
| 490 | _aTemática General | ||
| 650 | _aMÉTODOS DE INVESTIGACIÓN | ||
| 650 | _aINVESTIGACIÓN | ||
| 650 | _aPROYECTO DE INVESTIGACIÓN | ||
| 650 | _aOBJETIVOS | ||
| 650 | _aMARCO TEÓRICO | ||
| 650 | _aDISEÑO DE INVESTIGACIÓN | ||
| 650 | _aMUESTRA | ||
| 650 | _aRECOLECCIÓN DE DATOS | ||
| 650 | _aDESARROLLO PROFESIONAL | ||
| 650 | _aHIPÓTESIS | ||
| 942 |
_cBK _2ddc |
||
| 999 |
_c9328 _d9328 |
||